[Event "Titled Tuesday intern op 11th Mar Early"]
[Site "Chess.com INT"]
[Date "2025.03.11"]
[Round "3"]
[White "Ruge, Edison"]
[Black "Iskusnyh, Sergei"]
[Result "0-1"]
[WhiteElo "2201"]
[BlackElo "2440"]
[PlyCount "134"]
[EventDate "2025.03.11"]
[EventType "swiss (blitz)"]
[EventRounds "11"]
[EventCountry "USA"]
[SourceTitle "CB12_2025"]
[SourceDate "2025.03.19"]
[SourceVersion "1"]
[SourceVersionDate "2025.03.19"]
[SourceQuality "1"]

1. e4 e6 2. d3 c5 3. Nd2 Nc6 4. Ngf3 g6 5. g3 Bg7 6. Bg2 d6 7. h4 h6 8. h5 g5 9. c3 Nge7 10. 0-0 0-0 11. Nh2 e5 12. Nc4 f5 13. exf5 Bxf5 14. Ne3 Be6 15. Nhg4 Nf5 16. Bd5 Bxd5 17. Nxd5 Qd7 18. Qe2 Kh8 19. Bd2 Qf7 20. Qe4 Nce7 21. Nxe7 Qxe7 22. Rae1 Qf7 23. Kg2 Rae8 24. c4 Nd4 25. Bc3 Nf5 26. Bd2 Nd4 27. Be3 Nf3 28. Re2 b6 29. Qg6 Qxg6 30. hxg6 Nd4 31. Bxd4 cxd4 32. Rh1 Kg8 33. Nxh6+ Bxh6 34. Rxh6 Kg7 35. Rh7+ Kxg6 36. Rxa7 g4 37. Rb7 Rf3 38. Rd2 e4 39. dxe4 Rxe4 40. Rxb6 Re6 41. c5 d3 42. Rxd6 Rxd6 43. cxd6 Kf6 44. a4 Ke6 45. a5 Kxd6 46. b4 Kc6 47. Rd1 Kb5 48. Rb1 d2 49. Rd1 Rd3 50. f4 gxf3+ 51. Kf2 Kxb4 52. a6 Kc3 53. a7 Rd8 54. Ra1 Ra8 55. Kxf3 Rxa7 56. Rd1 Rf7+ 57. Ke4 Kc2 58. Rxd2+ Kxd2 59. g4 Rg7 60. Kf5 Ke3 61. g5 Kf3 62. Kf6 Ra7 63. g6 Kg4 64. g7 Ra6+ 65. Ke5 Ra7 66. Kf6 Ra6+ 67. Ke5 Rg6 0-1

[Event "Titled Tuesday intern op 11th Feb Early"]
[Site "Chess.com INT"]
[Date "2025.02.11"]
[Round "2"]
[White "Ruge, Edison"]
[Black "Atis, Hasan"]
[Result "0-1"]
[WhiteElo "2201"]
[BlackElo "2102"]
[PlyCount "90"]
[EventDate "2025.02.11"]
[EventType "swiss (blitz)"]
[EventRounds "11"]
[EventCountry "USA"]
[SourceTitle "CB09_2025"]
[SourceDate "2025.02.27"]
[SourceVersion "1"]
[SourceVersionDate "2025.02.27"]
[SourceQuality "1"]

1. e4 c5 2. Nc3 Nc6 3. f4 e6 4. Nf3 d5 5. Bb5 dxe4 6. Bxc6+ bxc6 7. Nxe4 Be7 8. d3 Nf6 9. 0-0 Nxe4 10. dxe4 Ba6 11. Re1 Qxd1 12. Rxd1 Be2 13. Re1 Bxf3 14. gxf3 0-0-0 15. Be3 Kb7 16. b3 a5 17. a4 c4 18. bxc4 Ka6 19. c5 Rb8 20. Rab1 Rhd8 21. Kf1 Rb4 22. Ke2 Rdb8 23. Rbd1 R8b7 24. Ra1 Rb2 25. Kd3 Rd7+ 26. Kc3 Rb4 27. Red1 Rdb7 28. Rd4 Bxc5 29. Rxb4 axb4+ 30. Kd3 Rd7+ 31. Ke2 Bxe3 32. Kxe3 Ka5 33. h4 g6 34. h5 c5 35. hxg6 hxg6 36. Ke2 c4 37. Rb1 c3 38. Ra1 Rd2+ 39. Ke3 Rxc2 40. Kd3 Rf2 41. Kc4 Rxf3 42. Rd1 c2 43. Rc1 Rc3+ 44. Kd4 Kxa4 45. Ke5 b3 0-1

[Event "Titled Tuesday intern op 11th Feb Early"]
[Site "Chess.com INT"]
[Date "2025.02.11"]
[Round "6"]
[White "Saya, Ethan"]
[Black "Ruge, Edison"]
[Result "0-1"]
[WhiteElo "2228"]
[BlackElo "2201"]
[PlyCount "126"]
[EventDate "2025.02.11"]
[EventType "swiss (blitz)"]
[EventRounds "11"]
[EventCountry "USA"]
[SourceTitle "CB08_2025"]
[SourceDate "2025.02.19"]
[SourceVersion "1"]
[SourceVersionDate "2025.02.19"]
[SourceQuality "1"]

1. e4 e5 2. Nf3 Nc6 3. Bc4 Be7 4. d4 d6 5. dxe5 dxe5 6. Qxd8+ Bxd8 7. Nc3 Nf6 8. Bg5 Bg4 9. 0-0-0 Bxf3 10. gxf3 0-0 11. Rhg1 Nh5 12. Nd5 Nd4 13. Rd3 c6 14. Ne7+ Kh8 15. c3 Ne2+ 16. Kc2 Nxg1 17. Rd7 Nxf3 18. Be3 b5 19. Be2 Nf6 20. Rxd8 Raxd8 21. Bxf3 a6 22. Nxc6 Rde8 23. Bc5 Rg8 24. Ne7 Rgf8 25. Nc6 Rc8 26. Bxf8 Rxc6 27. Be7 Kg8 28. b3 Ne8 29. Be2 Re6 30. Bc5 Rh6 31. a4 bxa4 32. bxa4 a5 33. c4 Nf6 34. f3 Rxh2 35. Kd2 Nd7 36. Bg1 Rg2 37. Be3 h5 38. c5 Nb8 39. Ke1 Rxe2+ 40. Kxe2 Nc6 41. f4 f6 42. f5 Kf7 43. Kf2 g5 44. fxg6+ Kxg6 45. Kg3 f5 46. exf5+ Kxf5 47. Kh4 Ke4 48. Bg1 Kf3 49. Kxh5 e4 50. Kg6 e3 51. Bxe3 Kxe3 52. Kf5 Kd4 53. Kf4 Kxc5 54. Ke3 Kb4 55. Kd2 Kxa4 56. Kc1 Kb3 57. Kb1 Nb4 58. Ka1 Nd5 59. Kb1 a4 60. Ka1 Nb4 61. Kb1 a3 62. Ka1 Nc2+ 63. Kb1 a2+ 0-1

[Event "Titled Tuesday intern op 04th Feb Late"]
[Site "Chess.com INT"]
[Date "2025.02.04"]
[Round "6"]
[White "Boci, Mateo"]
[Black "Ruge, Edison"]
[Result "1-0"]
[WhiteElo "2312"]
[BlackElo "2201"]
[PlyCount "63"]
[EventDate "2025.02.04"]
[EventType "swiss (blitz)"]
[EventRounds "11"]
[EventCountry "USA"]
[SourceTitle "CB07_2025"]
[SourceDate "2025.02.12"]
[SourceVersion "1"]
[SourceVersionDate "2025.02.12"]
[SourceQuality "1"]

1. e4 e5 2. Nf3 Nc6 3. Bb5 f5 4. d3 fxe4 5. dxe4 Nf6 6. 0-0 Bc5 7. Nc3 d6 8. Bc4 Qe7 9. Bg5 Be6 10. Nd5 Bxd5 11. Bxd5 Nd8 12. c3 c6 13. Bc4 b5 14. Bb3 Ne6 15. a4 0-0 16. axb5 cxb5 17. Bxf6 Qxf6 18. Bd5 Rae8 19. b4 Bb6 20. Qe2 Rb8 21. Kh1 Kh8 22. Bxe6 Qxe6 23. Qxb5 Rxf3 24. gxf3 Qh3 25. Qe2 Rf8 26. Rg1 Rxf3 27. Rg3 Rxg3 28. fxg3 Qc8 29. Rf1 h6 30. Qh5 Kh7 31. Rf7 Qxc3 32. Qf5+ 1-0

[Event "Titled Tuesday intern op 04th Feb Late"]
[Site "Chess.com INT"]
[Date "2025.02.04"]
[Round "5"]
[White "Ruge, Edison"]
[Black "Perske, Thore"]
[Result "1-0"]
[WhiteElo "2201"]
[BlackElo "2453"]
[PlyCount "61"]
[EventDate "2025.02.04"]
[EventType "swiss (blitz)"]
[EventRounds "11"]
[EventCountry "USA"]
[SourceTitle "CB07_2025"]
[SourceDate "2025.02.12"]
[SourceVersion "1"]
[SourceVersionDate "2025.02.12"]
[SourceQuality "1"]

1. e4 e6 2. d3 d5 3. Nd2 Nf6 4. Ngf3 c5 5. g3 Nc6 6. Bg2 Be7 7. 0-0 0-0 8. Re1 b5 9. e5 Nd7 10. Qe2 a5 11. Nf1 b4 12. h4 a4 13. a3 bxa3 14. bxa3 Rb8 15. Bf4 Ba6 16. N1h2 Rb6 17. h5 c4 18. Ng4 cxd3 19. cxd3 Na5 20. h6 g6 21. Qe3 Nc5 22. Bg5 Bxg5 23. Nxg5 Nxd3 24. Nf6+ Kh8 25. Red1 Nb2 26. Re1 Nbc4 27. Qf4 Nb3 28. Nfxh7 Nxa1 29. Nxf8 Qxf8 30. Qf6+ Kg8 31. h7# 1-0

[Event "Titled Tuesday intern op 30th Apr Late"]
[Site "Chess.com INT"]
[Date "2024.04.30"]
[Round "3"]
[White "Ruge, Edison"]
[Black "Gokhale, Rishabh Chandrashek"]
[Result "0-1"]
[WhiteElo "2201"]
[BlackElo "2079"]
[PlyCount "108"]
[EventDate "2024.04.30"]
[EventType "swiss (blitz)"]
[EventRounds "11"]
[EventCountry "USA"]
[SourceTitle "EXT 2025"]
[Source "ChessBase"]
[SourceDate "2024.10.14"]
[SourceVersion "1"]
[SourceVersionDate "2024.10.14"]
[SourceQuality "1"]

1. e4 c5 2. Nf3 d6 3. d3 g6 4. Nbd2 Bg7 5. g3 Nf6 6. Bg2 0-0 7. 0-0 Nc6 8. h3 Rb8 9. Re1 b5 10. e5 dxe5 11. Nxe5 Nxe5 12. Rxe5 Nd7 13. Re1 Bb7 14. Bxb7 Rxb7 15. Qe2 Nf6 16. Qf3 Rd7 17. Nf1 Qc8 18. Kg2 c4 19. dxc4 Qxc4 20. Ne3 Qc7 21. c3 Rfd8 22. a4 a6 23. axb5 axb5 24. Ra8 Rxa8 25. Qxa8+ Rd8 26. Qf3 h5 27. Nc2 Nd5 28. Bg5 Rd7 29. Ra1 f6 30. Bc1 Kh7 31. Nd4 Qb6 32. Ne2 e5 33. Ng1 f5 34. h4 e4 35. Qe2 b4 36. c4 Nf6 37. Be3 Qc6 38. Ra7 Rxa7 39. Bxa7 e3+ 40. Nf3 exf2 41. Bxf2 Ne4 42. Be1 b3 43. Kh2 Nc5 44. Ng5+ Kg8 45. Qd2 Qd7 46. Qd5+ Qxd5 47. cxd5 Nd3 48. d6 Nxe1 49. d7 Bf6 50. Ne6 Nd3 51. d8Q+ Bxd8 52. Nxd8 Nxb2 53. Nc6 Nc4 54. Nd4 b2 0-1

[Event "Titled Tuesday intern op 30th Apr Late"]
[Site "Chess.com INT"]
[Date "2024.04.30"]
[Round "2"]
[White "Shakirov, Marat"]
[Black "Ruge, Edison"]
[Result "0-1"]
[WhiteElo "2166"]
[BlackElo "2201"]
[PlyCount "72"]
[EventDate "2024.04.30"]
[EventType "swiss (blitz)"]
[EventRounds "11"]
[EventCountry "USA"]
[SourceTitle "EXT 2025"]
[Source "ChessBase"]
[SourceDate "2024.10.14"]
[SourceVersion "1"]
[SourceVersionDate "2024.10.14"]
[SourceQuality "1"]

1. Nf3 d6 2. d4 Nf6 3. b3 g6 4. Bb2 Bg7 5. e3 0-0 6. Be2 b6 7. 0-0 Bb7 8. c4 Nbd7 9. Nc3 Re8 10. Qc2 a6 11. Rfd1 e6 12. b4 Qe7 13. Rab1 e5 14. dxe5 Nxe5 15. Nxe5 dxe5 16. a3 Rad8 17. Rxd8 Rxd8 18. Rd1 h5 19. h3 Rxd1+ 20. Qxd1 Ne4 21. Nxe4 Bxe4 22. Qd2 Qd6 23. Qxd6 cxd6 24. c5 dxc5 25. bxc5 b5 26. Bf3 Bxf3 27. gxf3 f6 28. Bc3 Kf7 29. Kf1 Ke6 30. e4 Kd7 31. Ke2 g5 32. Kd3 Kc6 33. Bd2 Kxc5 34. Be3+ Kc6 35. Bd2 Bf8 36. Bb4 Bc5 0-1

[Event "Titled Tuesday intern op 23rd Apr Early"]
[Site "Chess.com INT"]
[Date "2024.04.23"]
[Round "3"]
[White "Ruge, Edison"]
[Black "Sreyas, Payyappat"]
[Result "0-1"]
[WhiteElo "2201"]
[BlackElo "2084"]
[PlyCount "96"]
[EventDate "2024.04.23"]
[EventType "swiss (blitz)"]
[EventRounds "11"]
[EventCountry "USA"]
[SourceTitle "EXT 2025"]
[Source "ChessBase"]
[SourceDate "2024.10.14"]
[SourceVersion "1"]
[SourceVersionDate "2024.10.14"]
[SourceQuality "1"]

1. e4 c6 2. d3 d5 3. Nd2 e5 4. Ngf3 Bd6 5. g3 f5 6. Bg2 Nf6 7. Qe2 0-0 8. 0-0 f4 9. h3 Bd7 10. c4 Qc8 11. Kh2 d4 12. c5 Bc7 13. Nc4 Qe8 14. b4 Qh5 15. Nd6 Na6 16. a3 b6 17. gxf4 bxc5 18. fxe5 Ng4+ 19. Kg1 Nxe5 20. Nf5 Bxf5 21. exf5 Qxf5 22. Nxe5 Bxe5 23. b5 cxb5 24. Bxa8 Rxa8 25. f4 Bf6 26. Qe4 Qxe4 27. dxe4 c4 28. e5 Be7 29. Rb1 Nc7 30. f5 Bc5 31. Kg2 d3 32. f6 c3 33. f7+ Kf8 34. Bg5 h6 35. Bf4 c2 36. Rb3 Nd5 37. Bd2 Ne3+ 38. Bxe3 Bxe3 39. Rxd3 c1Q 40. Rxc1 Bxc1 41. Rd7 Bxa3 42. e6 Be7 43. Rb7 b4 44. Kf3 a5 45. Ke4 a4 46. Kf5 a3 47. Kg6 a2 48. Rxe7 Kxe7 0-1

[Event "Titled Tuesday intern op 09th Apr Early"]
[Site "Chess.com INT"]
[Date "2024.04.09"]
[Round "7"]
[White "Spitzl, Vinzent"]
[Black "Ruge, Edison"]
[Result "1-0"]
[WhiteElo "2365"]
[BlackElo "2201"]
[PlyCount "85"]
[EventDate "2024.04.09"]
[EventType "swiss (blitz)"]
[EventRounds "11"]
[EventCountry "USA"]
[SourceTitle "EXT 2025"]
[Source "ChessBase"]
[SourceDate "2024.10.14"]
[SourceVersion "1"]
[SourceVersionDate "2024.10.14"]
[SourceQuality "1"]

1. d4 d6 2. Nf3 Nf6 3. c4 g6 4. g3 Bg7 5. Bg2 0-0 6. b3 c6 7. Bb2 Qa5+ 8. Qd2 Qh5 9. 0-0 Ne4 10. Qf4 f5 11. Qh4 Qxh4 12. Nxh4 c5 13. Nf3 Nc6 14. Rd1 Be6 15. Nbd2 Bf7 16. e3 a5 17. Nxe4 fxe4 18. Ng5 cxd4 19. exd4 d5 20. Nxf7 Rxf7 21. cxd5 Nb4 22. Bxe4 Raf8 23. Rd2 Bh6 24. Re2 Rd8 25. Rae1 Nxd5 26. Bxd5 Rxd5 27. Rxe7 Rxe7 28. Rxe7 Bg7 29. Rxb7 Bxd4 30. Bxd4 Rxd4 31. Kg2 a4 32. h4 axb3 33. axb3 h5 34. b4 Rd3 35. b5 Rb3 36. b6 Kh8 37. Kf1 Rb2 38. Ke1 Kg8 39. Kd1 Kf8 40. Kc1 Rxf2 41. Rc7 Rf1+ 42. Kc2 Rf5 43. b7 1-0

[Event "Titled Tuesday intern op 26th Mar Early"]
[Site "Chess.com INT"]
[Date "2024.03.26"]
[Round "3"]
[White "Vovk, Orest"]
[Black "Ruge, Edison"]
[Result "1-0"]
[WhiteElo "2315"]
[BlackElo "2201"]
[PlyCount "93"]
[EventDate "2024.03.26"]
[EventType "swiss (blitz)"]
[EventRounds "11"]
[EventCountry "USA"]
[SourceTitle "EXT 2025"]
[Source "ChessBase"]
[SourceDate "2024.10.14"]
[SourceVersion "1"]
[SourceVersionDate "2024.10.14"]
[SourceQuality "1"]

1. h4 e5 2. h5 d5 3. h6 Nxh6 4. d4 Nf5 5. dxe5 Nc6 6. e4 dxe4 7. Qxd8+ Nxd8 8. Nc3 e3 9. fxe3 Ng3 10. Rh4 Nxf1 11. Kxf1 c6 12. e4 Be7 13. Rh2 Ne6 14. Nf3 Bd7 15. Be3 b6 16. Ke2 0-0-0 17. a4 Bc5 18. a5 Bxe3 19. Kxe3 Kb7 20. axb6 axb6 21. Nd4 Nxd4 22. Kxd4 h6 23. Ke3 Be6 24. Ne2 Rhe8 25. Nd4 Bg4 26. Rf1 Rd7 27. Rh4 h5 28. Nf3 g6 29. Kf4 Rde7 30. Rxg4 hxg4 31. Kxg4 Ra8 32. Kg5 Ra2 33. Kf6 Rc7 34. Ng5 Rxb2 35. Nxf7 Rxc2 36. e6 Re2 37. e5 Rxg2 38. e7 Rxe7 39. Kxe7 Re2 40. e6 b5 41. Rf4 c5 42. Re4 Rxe4 43. Nd6+ Kc6 44. Nxe4 b4 45. Kf7 c4 46. e7 c3 47. e8Q+ 1-0

[Event "Titled Tuesday intern op 20th Feb Early"]
[Site "Chess.com INT"]
[Date "2024.02.20"]
[Round "2"]
[White "Shuvalov, Evgenij"]
[Black "Ruge, Edison"]
[Result "1-0"]
[WhiteElo "2079"]
[BlackElo "2201"]
[PlyCount "49"]
[EventDate "2024.02.20"]
[EventType "swiss (blitz)"]
[EventRounds "11"]
[EventCountry "USA"]
[SourceTitle "EXT 2025"]
[Source "ChessBase"]
[SourceDate "2024.10.14"]
[SourceVersion "1"]
[SourceVersionDate "2024.10.14"]
[SourceQuality "1"]

1. d4 d6 2. Nf3 Nf6 3. c4 g6 4. Nc3 Bg7 5. e4 c6 6. Be2 a6 7. 0-0 b5 8. a3 0-0 9. Be3 Nbd7 10. Qd2 bxc4 11. Bxc4 d5 12. Bd3 Nb6 13. e5 Ne8 14. h3 Nc7 15. Rac1 Bf5 16. Bxf5 gxf5 17. Ne2 Nc4 18. Qc2 Ne6 19. b3 Nxa3 20. Qxf5 Nb5 21. Rxc6 Qd7 22. Rfc1 Rac8 23. Ng5 Rfd8 24. Qxf7+ Kh8 25. Nxe6 1-0

[Event "Titled Tuesday intern op 06th Feb Early"]
[Site "Chess.com INT"]
[Date "2024.02.06"]
[Round "1"]
[White "Centron Antuna, Daniel"]
[Black "Ruge, Edison"]
[Result "1-0"]
[WhiteElo "2212"]
[BlackElo "2201"]
[PlyCount "69"]
[EventDate "2024.02.06"]
[EventType "swiss (blitz)"]
[EventRounds "11"]
[EventCountry "USA"]
[SourceTitle "CBM 218 Extra"]
[Source "ChessBase"]
[SourceDate "2024.03.31"]
[SourceVersion "1"]
[SourceVersionDate "2024.03.31"]
[SourceQuality "1"]

1. e4 e5 2. Nf3 Nc6 3. d4 exd4 4. Bc4 Nf6 5. e5 d5 6. Bb5 Ne4 7. Nxd4 Bd7 8. Bxc6 bxc6 9. 0-0 c5 10. Nb3 c4 11. Qxd5 cxb3 12. Qxe4 bxc2 13. Qxc2 Qc8 14. Be3 Be7 15. Nc3 Qb7 16. Rad1 Be6 17. Qa4+ c6 18. Ne4 0-0 19. b3 Bd5 20. Nd6 Qc7 21. Bc5 Rfd8 22. f4 Qd7 23. Qd4 Qg4 24. Qf2 f6 25. h3 Qh5 26. Rde1 Rf8 27. f5 fxe5 28. Rxe5 Bh4 29. Qe2 Qh6 30. Qg4 Rad8 31. Ne4 Rfe8 32. Rxe8+ Rxe8 33. f6 Bxf6 34. Nxf6+ Kh8 35. Nxe8 1-0

[Event "Titled Tuesday intern op 06th Feb Early"]
[Site "Chess.com INT"]
[Date "2024.02.06"]
[Round "5"]
[White "Lerch, Johannes"]
[Black "Ruge, Edison"]
[Result "0-1"]
[WhiteElo "2264"]
[BlackElo "2201"]
[PlyCount "108"]
[EventDate "2024.02.06"]
[EventType "swiss (blitz)"]
[EventRounds "11"]
[EventCountry "USA"]
[SourceTitle "CBM 218 Extra"]
[Source "ChessBase"]
[SourceDate "2024.03.31"]
[SourceVersion "1"]
[SourceVersionDate "2024.03.31"]
[SourceQuality "1"]

1. d4 d5 2. Nf3 e6 3. e3 f5 4. c4 c6 5. Nbd2 Nf6 6. b3 Be7 7. Bb2 0-0 8. Be2 Bd7 9. Ne5 Be8 10. Qc2 Nbd7 11. Ndf3 Ne4 12. 0-0 Bh5 13. a4 Nxe5 14. Nxe5 Bxe2 15. Qxe2 Rc8 16. c5 Qe8 17. f4 g5 18. Nd3 Qg6 19. Kh1 Qh6 20. Kg1 Rf7 21. Nf2 gxf4 22. Nxe4 fxe4 23. Qg4+ Kh8 24. Rxf4 Rg8 25. Qe2 Rxf4 26. exf4 Qxf4 27. Rf1 Qg4 28. Qxg4 Rxg4 29. Bc1 Kg8 30. Be3 Kg7 31. g3 h5 32. Kg2 Rg6 33. Kh3 Rf6 34. Bf4 Kg6 35. Re1 Rf5 36. Kg2 Bf6 37. Be3 Rf3 38. Re2 Bg5 39. Bxg5 Kxg5 40. Rb2 Rd3 41. b4 Rxd4 42. b5 Rxa4 43. bxc6 bxc6 44. Rb7 Rc4 45. Rxa7 Rc2+ 46. Kh3 Rxc5 47. Rg7+ Kf6 48. Rh7 e3 49. Kg2 d4 50. Kf3 Rf5+ 51. Ke2 Rf2+ 52. Kd3 e2 53. Kd2 d3 54. Rf7+ Kxf7 0-1

[Event "Titled Tuesday intern op 12th Dec Early"]
[Site "Chess.com INT"]
[Date "2023.12.12"]
[Round "2"]
[White "Cervantes Landeiro, Thalia"]
[Black "Ruge, Edison"]
[Result "0-1"]
[WhiteElo "2184"]
[BlackElo "2201"]
[PlyCount "88"]
[EventDate "2023.12.12"]
[EventType "swiss (blitz)"]
[EventRounds "11"]
[EventCountry "USA"]
[SourceTitle "CBM 217 Extra"]
[Source "ChessBase"]
[SourceDate "2024.01.31"]
[SourceVersion "1"]
[SourceVersionDate "2024.01.31"]
[SourceQuality "1"]

1. d4 d5 2. c4 e5 3. dxe5 d4 4. Nf3 Nc6 5. g3 Bg4 6. Bg2 Qd7 7. 0-0 Nge7 8. Nbd2 Ng6 9. Nb3 Rd8 10. Bg5 Be7 11. Bxe7 Ngxe7 12. Nc5 Qc8 13. Nd3 0-0 14. Qd2 Ng6 15. Qf4 Rfe8 16. Qd2 Bxf3 17. exf3 Ngxe5 18. b3 Qf5 19. Nxe5 Nxe5 20. f4 Nc6 21. Rfe1 Qa5 22. Rxe8+ Rxe8 23. Rd1 Qxd2 24. Rxd2 Re1+ 25. Bf1 Kf8 26. Kg2 Ke7 27. Bd3 h6 28. Kf3 Kd6 29. Be4 Kc5 30. Bd5 f6 31. a3 a5 32. Ra2 Rb1 33. b4+ axb4 34. axb4+ Rxb4 35. Ke4 Rb1 36. Kf5 Re1 37. Kg6 Re7 38. Rd2 Na5 39. Rb2 c6 40. Bg8 Nxc4 41. Rc2 b5 42. Bf7 d3 43. Rc1 d2 44. Ra1 Rd7 0-1

[Event "Titled Tuesday intern op 12th Dec Early"]
[Site "Chess.com INT"]
[Date "2023.12.12"]
[Round "5"]
[White "Ruge, Edison"]
[Black "Erzhanov, Arman"]
[Result "0-1"]
[WhiteElo "2201"]
[BlackElo "2156"]
[PlyCount "86"]
[EventDate "2023.12.12"]
[EventType "swiss (blitz)"]
[EventRounds "11"]
[EventCountry "USA"]
[SourceTitle "CBM 217 Extra"]
[Source "ChessBase"]
[SourceDate "2024.01.31"]
[SourceVersion "1"]
[SourceVersionDate "2024.01.31"]
[SourceQuality "1"]

1. e4 d6 2. d4 Nf6 3. Nc3 e5 4. dxe5 dxe5 5. Qxd8+ Kxd8 6. Be3 Be6 7. 0-0-0+ Nbd7 8. f3 c6 9. a3 Kc7 10. g4 Bc5 11. Bxc5 Nxc5 12. g5 Nfd7 13. h4 b5 14. Bh3 a5 15. Bxe6 Nxe6 16. Nce2 Ndc5 17. Nh3 b4 18. Nf2 a4 19. Nd3 bxa3 20. bxa3 f6 21. Nb4 fxg5 22. hxg5 Nxg5 23. Rdg1 h6 24. f4 exf4 25. Nxf4 Ncxe4 26. Re1 Rhf8 27. Ne6+ Nxe6 28. Rxe4 Rf6 29. Rhe1 Kd6 30. Rd1+ Kc7 31. Rde1 Kd6 32. Rd1+ Kc5 33. Nd3+ Kb6 34. Ne5 Nc5 35. Rb4+ Kc7 36. Rc4 Ra5 37. Rdd4 Re6 38. Nf3 g5 39. Nd2 Re1+ 40. Kb2 Rb5+ 41. Ka2 Rd1 42. Rb4 Rxb4 43. axb4 Ne4 0-1

[Event "Titled Tuesday intern op 28th Nov Early"]
[Site "Chess.com INT"]
[Date "2023.11.28"]
[Round "4"]
[White "Nadera, Barlo A"]
[Black "Ruge, Edison"]
[Result "1-0"]
[WhiteElo "2175"]
[BlackElo "2201"]
[PlyCount "87"]
[EventDate "2023.11.28"]
[EventType "swiss (blitz)"]
[EventRounds "11"]
[EventCountry "USA"]
[SourceTitle "EXT 2025"]
[Source "ChessBase"]
[SourceDate "2024.10.14"]
[SourceVersion "1"]
[SourceVersionDate "2024.10.14"]
[SourceQuality "1"]

1. d4 d5 2. Nf3 e6 3. c4 c6 4. Qc2 f5 5. Nc3 Nf6 6. Bg5 Be7 7. Bxf6 Bxf6 8. e3 0-0 9. Bd3 Bd7 10. h3 Be8 11. g4 g6 12. gxf5 gxf5 13. 0-0-0 Kh8 14. Rdg1 Bh5 15. Ne5 Nd7 16. f4 Nb6 17. c5 Nd7 18. Be2 Be8 19. Rg2 Rc8 20. Rhg1 b6 21. Na4 bxc5 22. Nxc5 Nxc5 23. Qxc5 Qe7 24. Qxe7 Bxe7 25. Rg7 Bf6 26. Rxa7 c5 27. dxc5 Rxc5+ 28. Kd2 Bxe5 29. fxe5 Bg6 30. Rc1 Rfc8 31. Rxc5 Rxc5 32. b4 Rc8 33. b5 f4 34. exf4 Rc2+ 35. Kd1 Rb2 36. a4 d4 37. Bc4 d3 38. Rd7 Bh5+ 39. Ke1 Rb1+ 40. Kd2 Rb4 41. Bxd3 Rxa4 42. b6 Ra2+ 43. Ke3 Rb2 44. b7 1-0

[Event "Titled Tuesday intern op 28th Nov Early"]
[Site "Chess.com INT"]
[Date "2023.11.28"]
[Round "2"]
[White "Ruge, Edison"]
[Black "Liu, Zhaoqi"]
[Result "0-1"]
[WhiteElo "2201"]
[BlackElo "2401"]
[PlyCount "86"]
[EventDate "2023.11.28"]
[EventType "swiss (blitz)"]
[EventRounds "11"]
[EventCountry "USA"]
[SourceTitle "EXT 2025"]
[Source "ChessBase"]
[SourceDate "2024.10.14"]
[SourceVersion "1"]
[SourceVersionDate "2024.10.14"]
[SourceQuality "1"]

1. e4 e6 2. d3 d5 3. Nd2 Nf6 4. Ngf3 Be7 5. g3 c5 6. Bg2 Nc6 7. 0-0 0-0 8. e5 Nd7 9. Re1 b5 10. Nf1 Bb7 11. h4 Qb6 12. Bf4 Rfc8 13. N1h2 Nd4 14. Nxd4 cxd4 15. Nf3 Nc5 16. Re2 Na4 17. Rb1 b4 18. Rd2 a5 19. Ng5 h6 20. Nh3 Qd8 21. Qh5 Nb6 22. Kh2 a4 23. Ng1 b3 24. cxb3 axb3 25. axb3 Nd7 26. Nf3 Nc5 27. Nxd4 Ba6 28. Rbd1 Rab8 29. Bh3 Rb6 30. g4 Nxb3 31. Nxb3 Rxb3 32. g5 g6 33. Qf3 h5 34. Be3 d4 35. Bf4 Rcb8 36. Qg3 Rxb2 37. Rxb2 Rxb2 38. Ra1 Qb6 39. Bg2 Kg7 40. Be4 Bb7 41. Bxb7 Qxb7 42. Rc1 Re2 43. Qg2 Qb2 0-1

[Event "Titled Tuesday intern op 14th Nov Early"]
[Site "Chess.com INT"]
[Date "2023.11.14"]
[Round "4"]
[White "Kovalevsky, Stanislav"]
[Black "Ruge, Edison"]
[Result "0-1"]
[WhiteElo "2163"]
[BlackElo "2201"]
[PlyCount "83"]
[EventDate "2023.11.14"]
[EventType "swiss (blitz)"]
[EventRounds "11"]
[EventCountry "USA"]
[SourceTitle "CBM 217 Extra"]
[Source "ChessBase"]
[SourceDate "2024.01.31"]
[SourceVersion "1"]
[SourceVersionDate "2024.01.31"]
[SourceQuality "1"]

1. e4 e5 2. Nf3 Nc6 3. Bb5 f5 4. exf5 e4 5. Bxc6 dxc6 6. Qe2 Qe7 7. Nd4 Qe5 8. c3 Nf6 9. d3 c5 10. Nf3 Qxf5 11. dxe4 Qxe4 12. Qxe4+ Nxe4 13. 0-0 Nf6 14. Re1+ Kf7 15. Bf4 Bd6 16. Bxd6 cxd6 17. Na3 Bg4 18. Ng5+ Kg6 19. Ne4 d5 20. Nxc5 Rhe8 21. f3 Bf5 22. Nb5 b6 23. Na6 Bd3 24. Nac7 Rxe1+ 25. Rxe1 Rc8 26. Re7 Ng8 27. Re6+ Nf6 28. a4 a6 29. Nxd5 axb5 30. Ne7+ Kf7 31. Rxf6+ Kxe7 32. Rxb6 bxa4 33. Rb7+ Kf6 34. Kf2 Bf5 35. g4 Be6 36. Rb4 Ra8 37. h4 h6 38. Ke3 a3 39. bxa3 Rxa3 40. Kd4 Ra1 41. Rc4 Bxc4 42. Kxc4 0-1